LEADER 00871nam0-22002891i-450- 001 990006488170403321 005 20001010 035 $a000648817 035 $aFED01000648817 035 $a(Aleph)000648817FED01 035 $a000648817 100 $a20001010d--------km-y0itay50------ba 101 0 $aita 105 $ay-------001yy 200 1 $aEconomies et societes au Gabon dans la premiere moitie du XIX siecle$fNicolas Metegue N'Nah$gpreface de H. Deschamps 210 $aParis$cHarmattan$d1979. 215 $a97 p.$d22 cm 676 $a330.967 700 1$aMetegue N'nah,$bNicolas$0244099 801 0$aIT$bUNINA$gRICA$2UNIMARC 901 $aBK 912 $a990006488170403321 952 $aXIV E 1739$b18639$fFSPBC 959 $aFSPBC 996 $aEconomies et societes au Gabon dans la premiere moitie du XIX siecle$9653253 997 $aUNINA DB $aGEN01 LEADER 01059nam 2200325z- 450 001 9910694151803321 005 20161209103629.0 035 $a(CKB)5860000000021845 035 $a(BIP)010573387 035 $a(EXLCZ)995860000000021845 100 $a20220406c2004uuuu -u- - 101 0 $aeng 200 14$aThe employment situation $eAugust 2003 : hearing before the Joint Economic Committee, Congress of the United States, One Hundred Eighth Congress, first session, September 5, 2003 215 $a1 online resource (iii, 67 p.) $cill 311 $a0-16-071436-2 517 $aEmployment situation 606 $aUnemployment$zUnited States 606 $aLabor market$zUnited States 606 $aManpower policy$zUnited States 610 $aUnemployment 610 $aLabor market 610 $aManpower policy 610 $aBusiness & economics 615 0$aUnemployment 615 0$aLabor market 615 0$aManpower policy 906 $aBOOK 912 $a9910694151803321 996 $aThe employment situation$93115854 997 $aUNINA